[Event "XXVI C.to Italiano a squadre A2 Sud"]
[Site "ITA"]
[Date "1994.??.??"]
[Round "?"]
[White "Zichichi, Alvise"]
[Black "Genovese, Maurizio"]
[WhiteElo "2295"]
[BlackElo "2250"]
[Result "1-0"]
[PlyCount "113"]
[EventDate "1994.02.27"]

1. Nf3 Nf6 2. c4 e6 3. g3 d5 4. b3 Be7 5. Bg2 O-O 6. O-O c5 7. e3 Nc6 8. Bb2 a6
9. d3 b5 10. Nbd2 Bb7 11. Qe2 Re8 12. a3 Qb6 13. Rab1 Rad8 14. Rfd1 Nd7 15. d4
Nf6 16. dxc5 Qxc5 17. b4 Qb6 18. cxb5 axb5 19. Bf1 Ba6 20. Rdc1 Bf8 21. Ne5
Nxe5 22. Bxe5 Rc8 23. Nb3 Nd7 24. Bb2 Qb8 25. e4 Nb6 26. exd5 Nxd5 27. Na5 Rxc1
28. Rxc1 Rc8 29. Qd1 Rxc1 30. Qxc1 Qc7 31. Qxc7 Nxc7 32. Bg2 f6 33. Bd4 Nd5 34.
Kf1 Kf7 35. Ke2 Ke8 36. Nb3 Bb7 37. Bxd5 exd5 38. Bc5 Be7 39. Bxe7 Kxe7 40. Ke3
Kd6 41. f4 g6 42. Nd4 Bc8 43. Ne2 Bd7 44. Nc3 h5 45. Kd4 h4 46. Nxd5 hxg3 47.
hxg3 Ke6 48. Kc5 Kf5 49. Kd6 Be8 50. Ke7 Bc6 51. Nxf6 Bf3 52. Kf7 g5 53. fxg5
Kxg5 54. Ke6 Be2 55. Ke5 Bd3 56. Ne4+ Kg4 57. Kd4 1-0

[Event "XXII Gold Cup"]
[Site "Merano - Meran ITA"]
[Date "1994.??.??"]
[Round "?"]
[White "Kripp, Wolfgang"]
[Black "Servaty, Rudolf"]
[WhiteElo "2145"]
[BlackElo "2290"]
[Result "1-0"]
[PlyCount "55"]
[EventDate "1994.??.??"]

1. e4 c5 2. d4 cxd4 3. c3 dxc3 4. Nxc3 Nc6 5. Nf3 e6 6. Bc4 Qc7 7. O-O Nf6 8.
Qe2 Ng4 9. Nb5 Qb8 10. h3 Nge5 11. Nxe5 Nxe5 12. Bb3 a6 13. Nc3 b5 14. f4 Bc5+
15. Kh1 Nc6 16. Qh5 Bd4 17. f5 Ra7 18. Bf4 Be5 19. Be3 Rc7 20. Rad1 g6 21. Qh4
d6 22. Bg5 h6 23. Bf6 g5 24. Qh5 Bxf6 25. fxe6 Be5 26. Nd5 Nd8 27. Nxc7+ Qxc7
28. Rc1 1-0